| 000 | 00945cam a22002775a 4500 | ||
|---|---|---|---|
| 001 | 18313366 | ||
| 005 | 20201128023726.0 | ||
| 008 | 140923t2015 njua frb 001 0 eng d | ||
| 020 | _a0133086402 | ||
| 020 | _a9780133086409 | ||
| 040 |
_aYDXCP _beng _cYDXCP _erda _dOCLCQ _dNYP _dOCLCF _dZCU _dDLC _dEG-ScBUE |
||
| 082 | 0 | 4 |
_a658.4032 _222 _bFLE |
| 100 | 1 |
_aFleisher, Craig S. _939849 |
|
| 245 | 1 | 0 |
_aBusiness and competitive analysis : _beffective application of new and classic methods / _cCraig S. Fleisher, Babette E. Bensoussan. |
| 250 | _a2nd ed. | ||
| 260 |
_aNew Jersey : _bPearson Education, _cc.2015. |
||
| 300 |
_axxxiv, 590 p. : _bill. ; _c24 cm. |
||
| 500 | _aIndex : p. 573-590. | ||
| 504 | _aIncludes bibliographical references. | ||
| 650 | 7 |
_aBusiness intelligence. _2BUEsh _93881 |
|
| 650 | 7 |
_aCompetition. _2BUEsh _91911 |
|
| 651 | _2BUEsh | ||
| 653 |
_bBUSADM _cApril2016 |
||
| 700 | 1 | _aBensoussan, Babette E., | |
| 942 | _2ddc | ||
| 999 |
_c21648 _d21620 |
||